<?xml version="1.0" encoding="UTF-8"?>
<record
    xmlns:xsi="http://www.w3.org/2001/XMLSchema-instance"
    xsi:schemaLocation="http://www.loc.gov/MARC21/slim http://www.loc.gov/standards/marcxml/schema/MARC21slim.xsd"
    xmlns="http://www.loc.gov/MARC21/slim">

  <leader>05181cam a2200637Ki 4500</leader>
  <controlfield tag="001">9780429435232</controlfield>
  <controlfield tag="003">FlBoTFG</controlfield>
  <controlfield tag="005">20220724194434.0</controlfield>
  <controlfield tag="006">m     o  d        </controlfield>
  <controlfield tag="007">cr cnu---unuuu</controlfield>
  <controlfield tag="008">190821s2019    nyu     ob    001 0 eng d</controlfield>
  <datafield tag="040" ind1=" " ind2=" ">
    <subfield code="a">OCoLC-P</subfield>
    <subfield code="b">eng</subfield>
    <subfield code="e">rda</subfield>
    <subfield code="e">pn</subfield>
    <subfield code="c">OCoLC-P</subfield>
  </datafield>
  <datafield tag="020" ind1=" " ind2=" ">
    <subfield code="a">9780429435232</subfield>
    <subfield code="q">(electronic bk.)</subfield>
  </datafield>
  <datafield tag="020" ind1=" " ind2=" ">
    <subfield code="a">0429435231</subfield>
    <subfield code="q">(electronic bk.)</subfield>
  </datafield>
  <datafield tag="020" ind1=" " ind2=" ">
    <subfield code="a">9780429787379</subfield>
    <subfield code="q">(electronic bk. : EPUB)</subfield>
  </datafield>
  <datafield tag="020" ind1=" " ind2=" ">
    <subfield code="a">0429787375</subfield>
    <subfield code="q">(electronic bk. : EPUB)</subfield>
  </datafield>
  <datafield tag="020" ind1=" " ind2=" ">
    <subfield code="a">9780429787386</subfield>
    <subfield code="q">(electronic bk. : PDF)</subfield>
  </datafield>
  <datafield tag="020" ind1=" " ind2=" ">
    <subfield code="a">0429787383</subfield>
    <subfield code="q">(electronic bk. : PDF)</subfield>
  </datafield>
  <datafield tag="020" ind1=" " ind2=" ">
    <subfield code="a">9780429787362</subfield>
    <subfield code="q">(electronic bk. : Mobipocket)</subfield>
  </datafield>
  <datafield tag="020" ind1=" " ind2=" ">
    <subfield code="a">0429787367</subfield>
    <subfield code="q">(electronic bk. : Mobipocket)</subfield>
  </datafield>
  <datafield tag="020" ind1=" " ind2=" ">
    <subfield code="z">9781138624009</subfield>
  </datafield>
  <datafield tag="020" ind1=" " ind2=" ">
    <subfield code="z">1138624004</subfield>
  </datafield>
  <datafield tag="020" ind1=" " ind2=" ">
    <subfield code="z">9781138623996</subfield>
  </datafield>
  <datafield tag="020" ind1=" " ind2=" ">
    <subfield code="z">1138623997</subfield>
  </datafield>
  <datafield tag="035" ind1=" " ind2=" ">
    <subfield code="a">(OCoLC)1112671848</subfield>
  </datafield>
  <datafield tag="035" ind1=" " ind2=" ">
    <subfield code="a">(OCoLC-P)1112671848</subfield>
  </datafield>
  <datafield tag="050" ind1=" " ind2="4">
    <subfield code="a">GV706.4</subfield>
    <subfield code="b">.M57 2019eb</subfield>
  </datafield>
  <datafield tag="072" ind1=" " ind2="7">
    <subfield code="a">SPO</subfield>
    <subfield code="x">041000</subfield>
    <subfield code="2">bisacsh</subfield>
  </datafield>
  <datafield tag="072" ind1=" " ind2="7">
    <subfield code="a">PSY</subfield>
    <subfield code="x">024000</subfield>
    <subfield code="2">bisacsh</subfield>
  </datafield>
  <datafield tag="072" ind1=" " ind2="7">
    <subfield code="a">PSY</subfield>
    <subfield code="x">003000</subfield>
    <subfield code="2">bisacsh</subfield>
  </datafield>
  <datafield tag="072" ind1=" " ind2="7">
    <subfield code="a">WS</subfield>
    <subfield code="2">bicssc</subfield>
  </datafield>
  <datafield tag="082" ind1="0" ind2="4">
    <subfield code="a">796.01/9</subfield>
    <subfield code="2">23</subfield>
  </datafield>
  <datafield tag="245" ind1="0" ind2="0">
    <subfield code="a">Mindfulness and acceptance in sport :</subfield>
    <subfield code="b">how to help athletes perform and thrive under pressure /</subfield>
    <subfield code="c">edited by Kristoffer Henriksen, Jakob Hansen and Carsten Hvid Larsen.</subfield>
  </datafield>
  <datafield tag="264" ind1=" " ind2="1">
    <subfield code="a">New York :</subfield>
    <subfield code="b">Routledge,</subfield>
    <subfield code="c">2019.</subfield>
  </datafield>
  <datafield tag="300" ind1=" " ind2=" ">
    <subfield code="a">1 online resource.</subfield>
  </datafield>
  <datafield tag="336" ind1=" " ind2=" ">
    <subfield code="a">text</subfield>
    <subfield code="b">txt</subfield>
    <subfield code="2">rdacontent</subfield>
  </datafield>
  <datafield tag="337" ind1=" " ind2=" ">
    <subfield code="a">computer</subfield>
    <subfield code="b">c</subfield>
    <subfield code="2">rdamedia</subfield>
  </datafield>
  <datafield tag="338" ind1=" " ind2=" ">
    <subfield code="a">online resource</subfield>
    <subfield code="b">cr</subfield>
    <subfield code="2">rdacarrier</subfield>
  </datafield>
  <datafield tag="505" ind1="0" ind2=" ">
    <subfield code="a">Mindfulness and acceptance approaches : do they have a place in elite sport? / Kristoffer Henriksen, Peter Haberl, Amy Baltzell, Jakob Hansen, Daniel Birrer, and Carsten Hvid Larsen -- Helping athletes make good decisions through the sport lifeline and functional analysis / Gustaf Reinebo, Kristoffer Henriksen and Tobias Lundgren -- Helping athletes clarify their values and become grounded in their sport venture / Carsten Hvid Larsen, Gustaf Reinebo and Tobias Lundgren -- Helping athletes by present when performing under pressure / Jakob Hansen and Peter Haberl -- Helping athletes defuse and accept : thoughts and emotions are not the enemies / Daniel Birrer, Greg Diment, and Olivier Schmid -- Helping athletes commit to action : cold feet, crying babies, and early morning training / Mark W. Aoyagi and Jessica D. Bartley -- Losing motivation, career termination, reboot and an Olympic medal : working with a swimmer in the year leading up to the Olympics / Carsten Hvid Larsen and Kristoffer Henriksen -- Mindful of a new role : an ACT based sport psychology course for coaches / S&#xF8;ren Svane Hoyer, Astrid Becker-Larsen, Jakob Hansen and Kristoffer Henriksen -- Keeping your eyes closed and on the ball : mindfulness in professional sports in the United States / Mark W. Aoyagi and Jonathan Fader -- ACT for adolescent athletes : a case study with a young basketball player / Kristel Kiens and Carsten Hvid Larsen -- Mindful sport performance enhancement in action : a case study with an elite football academy / Amy L. Spencer, Keith A. Kaufman, Carol R. Glass, and Timothy R. Pineau -- Caught in the trap of trying, repeat success : sport psychology dupport for the Swedish men's handball team in the Rio de Janeiro Olympics / Johan Ekengren -- Mindfulness-training in professional soccer / Anders Meland -- Nature as a source to gain perspective and experience / Anne Marte Pensgaard -- Self-compassion in sport for courage and performance / Amy Baltzell, Philip R&#xF6;thlin and G&#xF6;ran Kentt&#xE4; -- When disaster hits : helping the injured athlete to accept and refocus / John Baranoff and Renee Appaneal -- East meets West : mindfulness intervention in Hong Kong elite sport setting / Hin Yue LI (Henry) and Ning Su -- Taking our own medicine : the mindful sport psychology practitioner in high pressure events / Kristoffer Henriksen, Carsten Hvid Larsen, and Jakob Hansen.</subfield>
  </datafield>
  <datafield tag="520" ind1=" " ind2=" ">
    <subfield code="a">"The goal of Mindfulness and Acceptance Approaches in Elite Sport then is to provide students, researchers, practitioners and coaches of sport psychology with practical guidance for implementing mindfulness and acceptance approaches in their work with athletes. Bringing together highly experienced practitioners and sharing their working methods, exercises and cases to inspire the sport psychology profession"--</subfield>
    <subfield code="c">Provided by publisher.</subfield>
  </datafield>
  <datafield tag="588" ind1=" " ind2=" ">
    <subfield code="a">OCLC-licensed vendor bibliographic record.</subfield>
  </datafield>
  <datafield tag="650" ind1=" " ind2="0">
    <subfield code="a">Sports</subfield>
    <subfield code="x">Psychological aspects.</subfield>
  </datafield>
  <datafield tag="650" ind1=" " ind2="0">
    <subfield code="a">Mindfulness (Psychology)</subfield>
  </datafield>
  <datafield tag="650" ind1=" " ind2="0">
    <subfield code="a">Athletes</subfield>
    <subfield code="x">Psychology.</subfield>
  </datafield>
  <datafield tag="650" ind1=" " ind2="0">
    <subfield code="a">Athletes</subfield>
    <subfield code="x">Mental health.</subfield>
  </datafield>
  <datafield tag="650" ind1=" " ind2="0">
    <subfield code="a">Performance</subfield>
    <subfield code="x">Psychological aspects.</subfield>
  </datafield>
  <datafield tag="650" ind1=" " ind2="7">
    <subfield code="a">SPORTS &amp; RECREATION / Sports Psychology</subfield>
    <subfield code="2">bisacsh</subfield>
  </datafield>
  <datafield tag="650" ind1=" " ind2="7">
    <subfield code="a">PSYCHOLOGY / Physiological Psychology</subfield>
    <subfield code="2">bisacsh</subfield>
  </datafield>
  <datafield tag="650" ind1=" " ind2="7">
    <subfield code="a">PSYCHOLOGY / Applied Psychology</subfield>
    <subfield code="2">bisacsh</subfield>
  </datafield>
  <datafield tag="700" ind1="1" ind2=" ">
    <subfield code="a">Henriksen, Kristoffer,</subfield>
    <subfield code="e">editor.</subfield>
  </datafield>
  <datafield tag="700" ind1="1" ind2=" ">
    <subfield code="a">Hansen, Jakob</subfield>
    <subfield code="c">(Sports psychologist),</subfield>
    <subfield code="e">editor.</subfield>
  </datafield>
  <datafield tag="700" ind1="1" ind2=" ">
    <subfield code="a">Larsen, Carsten Hvid,</subfield>
    <subfield code="e">editor.</subfield>
  </datafield>
  <datafield tag="856" ind1="4" ind2="0">
    <subfield code="3">Read Online</subfield>
    <subfield code="u">https://www.taylorfrancis.com/books/9780429435232</subfield>
  </datafield>
  <datafield tag="856" ind1="4" ind2="2">
    <subfield code="3">OCLC metadata license agreement</subfield>
    <subfield code="u">http://www.oclc.org/content/dam/oclc/forms/terms/vbrl-201703.pdf</subfield>
  </datafield>
  <datafield tag="942" ind1=" " ind2=" ">
    <subfield code="2">lcc</subfield>
    <subfield code="c">EBK</subfield>
  </datafield>
  <datafield tag="999" ind1=" " ind2=" ">
    <subfield code="c">17588</subfield>
    <subfield code="d">17588</subfield>
  </datafield>
</record>
